000
00321nam a22001337a 4500
003
SGT
082
_a
954.034
_b
G30C
100
_a
CHANDIWALA, BRIJKRISHAN
245
_a
GANDHIJI KI DELHI DIARY
260
_a
INDIA
_b
GANDHI SMARAK NI8DHI ANV GYANDEEP
_c
1930
300
_a
651
650
_a
MAHATMA GANDHI
942
_2
ddc
_c
BK
999
_c
26012
_d
26012